Одой өвгөний байшин (Бичлэгийн дугаар. 695059)
[ энгийн харах ]
| 000 -Удирдлага | |
|---|---|
| Ном зүйн бүртгэл тоо буюу кодлох утгыг агуулсан | 00919nam a22002297a 4500 |
| 008 - ЕРӨНХИЙ МЭДЭЭЛЭЛ-ЭЛЕМЕНТҮҮДИЙН ӨГӨГДЛИЙН УРТ | |
| fixed length control field | 240525b mp ||||| |||| 00| 0 mon d |
| 020 ## - ОЛОН УЛСЫН СТАНДАРТ НОМЫН ДУГААР-ISBN | |
| Олон Улсын Стандарт Номын Дугаар | 978-99929-0-720-7 |
| 035 ## - СИСТЕМИЙН ХЯНАЛТЫН ДУГААР | |
| Системийн хяналтын дугаар | 20827 |
| 040 ## - ЭХ СУРВАЛЖИЙГ ТОДОРХОЙЛОН БИЧИХ | |
| Анхны каталогийн байгууллага | Орхон аймгийн нийтийн номын сан |
| Каталогийн хэл | Монгол |
| Бичлэг хийж нэвтрүүлэх байгууллага | MN-UlNLM |
| Өөрчлүүлэх байгууллага | MN-UlNLM |
| Бичиглэлийн тодорхойлолт | rda |
| 041 ## - ХЭЛНИЙ КОД | |
| Текстийн хэлний код/фонограм буюу салангид гарчиг | Монгол |
| 042 ## - AUTHENTICATION CODE | |
| Authentication code | 26738 |
| 084 ## - БУСАД АНГИЛЛЫН ДУГААР | |
| Ангиллын нэр | |
| Анги | 84.2 |
| Зохиогчийн 3-н тэмдэгт | А-68 |
| 100 ## - ЗОХИОГЧИЙН ХЭСЭГ | |
| Зохиогчийн нэр | Аояма К. |
| 245 #0 - ҮНДСЭН ГАРЧИГ | |
| Гарчиг | Одой өвгөний байшин |
| 264 ## - ГАРАЛТЫН МЭДЭЭ | |
| Хэвлэгдсэн газар | Улаанбаатар |
| Бүтээгч, хэвлэгч, түгээгч, үйлдвэрлэгчийн нэр | Адмон ХХК |
| Хэвлэгдсэн он | 2009 |
| 300 ## - ТООНЫ МЭДЭЭ | |
| Хуудасны тоо | х. |
| 336 ## - АГУУЛГЫН ТӨРӨЛ | |
| Нөөц | rdacontent |
| Агуулгын төрлийн нөхцөл | text |
| Агуулгын төрлийн код | txt |
| 337 ## - MEDIA TYPE | |
| Эх сурвалж | rdamedia |
| Файлын төрөл | unmediated |
| Файлын код | n |
| 338 ## - CARRIER TYPE | |
| Source | rdacarrier |
| Carrier type term | volume |
| Carrier type code | nc |
| 650 ## - Сэдэв | |
| Сэдэв | Ойн цоорхой дахь жижигхэн байшинд Двоф гэдэг нэртэй нэгэн зожигдуу зантай боловч тун уран нэгэн одой өвгөний талаар энэ номд гар... |
| 942 ## - ЭЛЕМЕНТИЙН ТӨРӨЛ | |
| Анги | Номын сан номзүйн ангилал |
| Төрөл | Ном |
| Буцаан татагдсан төлөв | Хасагдсан шалтгаан | Гэмтсэн төлөв | Данс заагч | Захиалах боломжгүй | Үндсэн номын сан | Одоогийн байршил | Салбар танхим | Салбар танхим | Бүртгэсэн огноо | Тавиурын заалт | Баркод | Үнэ | Хамгийн сүүлд байсан огноо | Нийт уншлаганд гарсан тоо | Дансны дугаар | Төрөл |
|---|---|---|---|---|---|---|---|---|---|---|---|---|---|---|---|---|
| Орхон аймаг | Орхон аймаг | Орхон | Үндсэн фонд | 2024-05-25 | 84.2 / А-68 | OR01620827-5-2 | 11000.00 | 2024-05-25 | 18474 | Ном | |||||||
| Орхон аймаг | Орхон аймаг | Орхон | Салбар номын сан | 2024-05-25 | 84.2 / А-68 | OR01620827-9-1 | 11000.00 | 2024-05-25 | 19339 | Ном | |||||||
| Орхон аймаг | Орхон аймаг | Орхон | Салбар номын сан | 2024-05-25 | 84.2 / А-68 | OR01620827-9-2 | 7340.00 | 2024-05-25 | 26138 | Ном | |||||||
| Орхон аймаг | Орхон аймаг | Орхон | Хүүхдийн уншлага | 2024-05-25 | 84.2 / А-68 | OR01620827-5-1 | 11000.00 | 2024-05-25 | 18475 | Ном | |||||||
| Орхон аймаг | Орхон аймаг | Орхон | Хүүхдийн уншлага | 2024-05-25 | 84.2 / А-68 | OR01620827-2-2 | 11000.00 | 2024-05-25 | 19578 | Ном |